E pages 2005 (Record no. 177130)

MARC details
000 -LEADER
fixed length control field 00229nam a2200109Ia 4500
008 - FIXED-LENGTH DATA ELEMENTS--GENERAL INFORMATION
fixed length control field 210707s9999 xx 000 0 und d
041 ## - LANGUAGE CODE
Language code of text/sound track or separate title eng
082 ## - DEWEY DECIMAL CLASSIFICATION NUMBER
Classification number CD96
100 ## - MAIN ENTRY--PERSONAL NAME
Personal name EFY
245 ## - TITLE STATEMENT
Title E pages 2005
906 ## - LOCAL DATA ELEMENT F, LDF (RLIN)
a 2005 E pages
Holdings
Withdrawn status Lost status Damaged status Not for loan Home library Current library Date acquired Total Checkouts Full call number Barcode Date last seen Price effective from Koha item type
      Not for loan St Aloysius Library St Aloysius Library 07/07/2021   CD96 CD096 07/07/2021 07/07/2021 CD